|
|
|
|
| LEADER |
00846pam a22002658a 4500 |
| 001 |
00038639 |
| 008 |
170516s2006 ||||||Viesd |
| 005 |
20171026081025.0 |
| 041 |
0 |
# |
|a Vie
|
| 082 |
1 |
4 |
|a 947.08
|b H450S
|
| 100 |
1 |
# |
|a Trọng, Phụng
|e Biên soạn
|
| 245 |
1 |
0 |
|a Hồ sơ mật Liên Xô
|c Trọng Phụng, Văn Toàn (biên soạn)
|
| 260 |
# |
# |
|a Hà Nội
|b Công an nhân dân
|c 2006
|
| 300 |
# |
# |
|a 583 tr.
|c 21 cm
|
| 653 |
# |
# |
|a Chính quyền
|
| 653 |
# |
# |
|a Chính trị
|
| 653 |
# |
# |
|a Lịch sử
|
| 653 |
# |
# |
|a Liên Xô
|
| 700 |
1 |
# |
|a Văn, Toàn
|e Biên soạn
|
| 852 |
# |
# |
|b Kho mượn
|j KM.0022566
|
| 852 |
# |
# |
|b Kho đọc
|j KD.0021758
|
| 852 |
# |
# |
|j KD.0021758
|j KM.0022566
|
| 910 |
|
|
|d 16/05/2017
|
| 980 |
# |
# |
|a Trung tâm Học liệu Lê Vũ Hùng, Trường Đại học Đồng Tháp
|